Resarcimiento del daño moral civil, comercial y laboral
Guardat en:
| Autors principals: | , |
|---|---|
| Format: | Llibre |
| Idioma: | espanyol |
| Publicat: |
Rosario
Juris
1999
|
| Col·lecció: | Colección Doctrina y Jurisprudencia temática, 6
|
| Matèries: | |
| Etiquetes: |
Afegir etiqueta
Sense etiquetes, Sigues el primer a etiquetar aquest registre!
|
MARC
| LEADER | 00000nam a2200000 a 4500 | ||
|---|---|---|---|
| 001 | UCP6230 | ||
| 003 | CL-VaPUC | ||
| 008 | 991015e19990000AG |||||||||||||||||spa|d | ||
| 082 | 0 | 4 | |a 346.03 |b STI |2 21 |
| 100 | 0 | |a Stiglitz, Gabriel A |e author |9 435189 | |
| 700 | 0 | |a Gandolfo de Stiglitz, Ana |e author |9 435190 | |
| 245 | 1 | 0 | |a Resarcimiento del daño moral civil, comercial y laboral |
| 300 | |a 230 p | ||
| 942 | |c BK | ||
| 945 | |d 19991015 00:00:00 |a vberengu | ||
| 260 | |a Rosario |b Juris |c 1999 | ||
| 650 | 0 | |a Daño moral |9 430896 | |
| 650 | 7 | |a DERECHO LABORAL |2 CL-VaPUC |9 15 | |
| 650 | 0 | |a Responsabilidad contractual |9 256720 | |
| 650 | 0 | |a Responsabilidad extracontractual |9 336742 | |
| 583 | |a last modification |c 20170720 05:02:17 |k Rodrigo Vera | ||
| 490 | 0 | |a Colección Doctrina y Jurisprudencia temática, 6 | |
| 999 | |c 283833 |d 283831 | ||
| 952 | |0 0 |1 0 |4 0 |6 346_030000000000000_STI_1999 |7 0 |8 A |9 327314 |a BIBDER |b BIBDER |d 2019-11-20 |i 3569705 |l 5 |o 346.03 STI 1999 |p 3569705 |r 2023-12-05 |s 2023-11-30 |w 2019-11-20 |y BK |k DER | ||